00309nam a2200121Ia 45000030006000000080041000060400015000471000020000622450067000822600009001495460012001580050017001700STCL150530s9999 xx 000 0 und d aSTCLcSTCL aLambert,R.D Ed. aAnnals of the American Academy of Political and Social Science c1975 aEnglish20220125165442.0